[Event "Round 2"]
[Site "http://www.queenalice.com/game.php?id=345264"]
[Date "2008.1.30"]
[Round "-"]
[White "qfnol31"]
[Black "kronstandt"]
[Result "1-0"]
[WhiteElo "1500"]
[BlackElo "1100"]

1. e3 e5 2. h4 Nc6 3. g3 Bb4 4. c3 Ba5 5. b4 d6 6. bxa5 Nf6 7. h5 Bg4 8. Qb3
Nxh5 9. Rh4 Qg5 10. Qxb7 O-O 11. Qxc6 f5 12. Bc4+ Kh8 13. Nf3 Bxf3 14. Qxf3 Nxg3
15. Qxg3 Qf6 16. Bd5 c6 17. Qh2 cxd5 18. Rxh7+ Kg8 19. Na3 g5 20. Rb1 d4 21. Nc4
Rac8 22. Nxd6 Qxd6 23. Ba3 Qxa3 24. Qh6 Rf7 25. Rh8# 1-0

[Event "AUTO-BEG-181"]
[Site "http://www.queenalice.com/game.php?id=347424"]
[Date "2008.2.2"]
[Round "1"]
[White "Raimundo"]
[Black "kronstandt"]
[Result "1-0"]
[WhiteElo "1405"]
[BlackElo "980"]

1. d4 d5 2. c4 c6 3. Nc3 Nf6 4. Bg5 e5 5. dxe5 Nbd7 6. cxd5 Nxe5 7. dxc6 bxc6 8.
Qxd8+ Kxd8 9. e4 Ke8 10. Rd1 Bg4 11. f3 Bh5 12. Nge2 Bc5 13. Nd4 Rd8 14. Nf5 h6
15. Nxg7+ Kf8 16. Rxd8+ Kxg7 17. Bxf6+ Kxf6 18. Rxh8 Nxf3+ 19. gxf3 Bxf3 20.
Rxh6+ Kg7 21. Rxc6 1-0

[Event "AUTO-BEG-181"]
[Site "http://www.queenalice.com/game.php?id=347425"]
[Date "2008.2.2"]
[Round "1"]
[White "kronstandt"]
[Black "Raimundo"]
[Result "0-1"]
[WhiteElo "980"]
[BlackElo "1405"]

1. e4 e6 2. d4 d5 3. Nd2 Nc6 4. Ngf3 Nf6 5. c4 dxe4 6. Nxe4 Nxe4 7. Bd3 Nf6 8.
h4 Nxd4 9. Nxd4 Qxd4 10. O-O Qxh4 11. Re1 Bb4 12. Re2 Qd4 13. Qa4+ Bd7 14. Qxb4
Qxd3 15. Kf1 Bc6 16. b3 Bxg2+ 17. Kxg2 Qxe2 18. Ba3 O-O-O 19. Qe7 Rd4 20. Qxf7
Rg4+ 21. Kh3 Qf3+ 0-1

[Event "Challenge"]
[Site "http://www.queenalice.com/game.php?id=348833"]
[Date "2008.2.5"]
[Round "-"]
[White "kronstandt"]
[Black "EmperorTanner"]
[Result "0-1"]
[WhiteElo "1100"]
[BlackElo "1094"]

1. d4 e6 2. c4 c6 3. Nc3 b5 4. e4 Na6 5. f4 Qh4+ 6. g3 Qh6 7. Nf3 Qg6 8. e5 Nb4
9. Be3 Nh6 10. c5 Ng4 11. Bd2 Qc2 12. Rc1 Qxd1+ 13. Kxd1 Nd3 14. Rc2 Ndf2+ 15.
Ke1 Nxh1 16. Bg2 Nhf2 17. Bf1 Nd3+ 18. Bxd3 f6 19. Nxb5 cxb5 20. Bxb5 fxe5 21.
Nxe5 Nxe5 22. Ba5 Nf3+ 23. Kd1 Nxd4 24. Rc4 Nxb5 25. c6 Nd6 26. Rd4 Rb8 27. Bc7
Rxb2 28. f5 Nxf5 29. Ra4 Ne3+ 30. Kc1 Rxh2 31. Rxa7 dxc6 0-1

[Event "Retry"]
[Site "http://www.queenalice.com/game.php?id=349451"]
[Date "2008.2.6"]
[Round "-"]
[White "kronstandt"]
[Black "EmperorTanner"]
[Result "0-1"]
[WhiteElo "1019"]
[BlackElo "1145"]

1. e4 e5 2. d3 d6 3. Nf3 Nf6 4. Nbd2 Nc6 5. g3 Nb4 6. Bg2 Bg4 7. b3 d5 8. c4
Nxd3+ 9. Ke2 Nxc1+ 10. Rxc1 Qd6 11. h3 Nh5 12. hxg4 Nf6 13. cxd5 Qa6+ 14. Nc4
Nxe4 15. Nxe5 Bb4 16. Bxe4 O-O 17. Qd4 Qxa2+ 18. Kd1 Qxb3+ 19. Ke2 b5 20. Nd3
bxc4 21. Rxh7 f6 22. d6 Rad8 23. Qd5+ Rf7 24. d7 Rxd7 25. Qa8+ Rf8 26. Qc6 f5
27. Bxf5 Rd6 28. Qxc7 cxd3+ 29. Kf3 Qd5+ 30. Kf4 Bd2# 0-1

[Event "Round 3"]
[Site "http://www.queenalice.com/game.php?id=350407"]
[Date "2008.2.7"]
[Round "-"]
[White "kronstandt"]
[Black "qfnol31"]
[Result "0-1"]
[WhiteElo "1019"]
[BlackElo "1500"]

1. d4 d5 2. c4 Nc6 3. Nf3 e6 4. Qa4 Bb4+ 5. Nbd2 Qd6 6. e4 Bd7 7. Be2 Nf6 8. O-O
O-O 9. a3 Ng4 10. g3 Nxd4 11. Nxd4 Bxa4 12. axb4 Qxb4 13. b3 Qc3 14. Rxa4 Qxd4
15. Bxg4 Qd3 16. Rb4 Rad8 17. Rxb7 Rd6 18. Rxc7 Ra6 19. Rd1 Ra1 20. Bb2 Rxd1+
21. Bxd1 Qxd2 22. Be5 Qxd1+ 23. Kg2 f6 24. Bd6 Rb8 25. c5 Rxb3 26. Be7 Qf3+ 27.
Kh3 Kf7 28. Kh4 Kg6 29. Bf8 Qh5# 0-1

[Event "Round 4"]
[Site "http://www.queenalice.com/game.php?id=354532"]
[Date "2008.2.14"]
[Round "-"]
[White "qfnol31"]
[Black "kronstandt"]
[Result "0-1"]
[WhiteElo "1478"]
[BlackElo "980"]

1. e3 d5 2. b3 c6 3. Nf3 Nf6 4. Ne5 Bd7 5. Bd3 a6 6. Ba3 b5 7. Nc3 Qc7 8. f4 Rg8
9. Qf3 g5 10. Nxd7 Nbxd7 11. Qh3 gxf4 12. O-O Ng4 13. Bxh7 Rh8 14. Rxf4 Ndf6 15.
Qh4 Rxh7 16. Qg5 Rh5 17. Rxg4 Rxg5 18. Rxg5 Kd7 19. Rf1 Bh6 20. Rgf5 Rh8 21. Bb2
Bxe3+ 22. Kh1 Rxh2# 0-1

[Event "Game #5"]
[Site "http://www.queenalice.com/game.php?id=356935"]
[Date "2008.2.19"]
[Round "-"]
[White "qfnol31"]
[Black "kronstandt"]
[Result "1-0"]
[WhiteElo "1478"]
[BlackElo "980"]

1. e3 d5 2. d4 c6 3. Nc3 Nf6 4. Qf3 Bg4 5. Qf4 e6 6. Nf3 Bd6 7. Ne5 g5 8. Qxg5
h6 9. Qf4 Nbd7 10. e4 Qa5 11. Bd2 Qb4 12. Rb1 Qxd4 13. Ne2 Qc5 14. Nxd7 Kxd7 15.
Qxf6 Bh5 16. Ng3 Rhg8 17. Nxh5 Rg6 18. Qxf7+ Be7 19. Qxg6 Rf8 20. Be3 Qxc2 21.
Rc1 Qxb2 22. Qxh6 Bh4 23. Qg7+ Ke8 24. g3 Be7 25. Qxb2 Bd6 26. Qxb7 Rf3 27. Rxc6
1-0

[Event "Challenge"]
[Site "http://www.queenalice.com/game.php?id=358435"]
[Date "2008.2.21"]
[Round "-"]
[White "kronstandt"]
[Black "qfnol31"]
[Result "0-1"]
[WhiteElo "1047"]
[BlackElo "1459"]

1. e4 d5 2. exd5 Bf5 3. Nc3 Nf6 4. Bb5+ Nfd7 5. d4 a6 6. Ba4 b5 7. Nf3 bxa4 8.
h3 a3 9. g4 Bg6 10. b3 e5 11. dxe5 Bb4 12. O-O Bxc3 13. Qe2 Bxa1 14. Bg5 f6 15.
exf6+ Be5 16. Nxe5 O-O 17. f4 gxf6 18. Nc4 fxg5 19. f5 Re8 20. Ne5 Rxe5 21. Qc4
Nb6 22. Qc3 Qf6 23. fxg6 Nxd5 24. Qd4 Nc6 25. Qd3 Nf4 26. Qd7 Re7 27. Qd2 Rd8
28. Qc1 Qd4+ 29. Kh1 Re3 30. Qd1 Rxh3# 0-1

[Event "Challenge"]
[Site "http://www.queenalice.com/game.php?id=364050"]
[Date "2008.3.1"]
[Round "-"]
[White "jcmobregon"]
[Black "kronstandt"]
[Result "1-0"]
[WhiteElo "2156"]
[BlackElo "1143"]

1. c4 e5 2. g3 Nf6 3. Bg2 d6 4. Nf3 Nbd7 5. O-O b6 6. Nxe5 Bb7 7. Nxd7 Qxd7 8.
Bxb7 Rd8 9. Bg2 c5 10. Nc3 g6 11. d3 Bg7 12. Qa4 O-O 13. Qxd7 Rxd7 14. Bf4 Ng4
15. Rac1 Re8 16. Rfe1 Bxc3 17. Rxc3 d5 18. Bxd5 Kf8 19. h3 Nf6 20. Bc6 Ke7 21.
Ra3 Ke6 22. Bxd7+ Kxd7 23. Rxa7+ Ke6 24. Bc7 Kd7 25. Be5+ Ke6 26. Bxf6 Kxf6 27.
Ra6 Re6 28. a4 h5 29. a5 bxa5 30. Rxe6+ Kxe6 31. Ra1 Kd6 32. Rxa5 Kc6 33. Ra6+
Kb7 34. Rf6 1-0

[Event "Challenge"]
[Site "http://www.queenalice.com/game.php?id=375034"]
[Date "2008.3.21"]
[Round "-"]
[White "llina"]
[Black "kronstandt"]
[Result "1-0"]
[WhiteElo "1419"]
[BlackElo "1143"]

1. e4 c5 2. d3 Nc6 3. Nc3 Nf6 4. Bg5 d6 5. h3 g6 6. Bxf6 exf6 7. Nd5 Bg7 8. Nf3
O-O 9. d4 f5 10. exf5 Bxf5 11. Bb5 Nxd4 12. Nxd4 Bxd4 13. c3 Be5 14. O-O Qh4 15.
f4 Bg7 16. Nc7 Rac8 17. Nd5 a6 18. Bd3 b5 19. Bxf5 gxf5 20. Re1 Rfe8 21. Qd3 Re6
22. Rxe6 fxe6 23. g3 Qd8 24. Ne3 d5 25. Qe2 Qf6 26. Qh5 d4 27. Ng2 e5 28. Re1
1-0

[Event "Challenge"]
[Site "http://www.queenalice.com/game.php?id=375465"]
[Date "2008.3.23"]
[Round "-"]
[White "Drica"]
[Black "kronstandt"]
[Result "1-0"]
[WhiteElo "1668"]
[BlackElo "1137"]

1. e4 c5 2. Bc4 e6 3. Qf3 Nf6 4. Nc3 b6 5. e5 Nd5 6. Nxd5 Bb7 7. Nh3 exd5 8.
Bxd5 Bxd5 9. Qxd5 Nc6 10. O-O Qe7 11. d3 g6 12. Bg5 Qxe5 13. Qxe5+ Nxe5 14. Rfe1
Bg7 15. f4 f6 16. Bh4 1-0